| 000 | 00636 a2200181 4500 | ||
|---|---|---|---|
| 020 | _a0070620172 | ||
| 040 |
_aDLC _bDLC |
||
| 082 | _a 658.42 | ||
| 100 | _a Hisrich, Robert D. | ||
| 245 |
_aEntrepreneurship _cRobert D.Hisrich |
||
| 250 | _a6th ed | ||
| 260 |
_aNew Delhi : _bTata McGraw-Hill, _cc2007. |
||
| 300 |
_a xx, 591 p. _bill. ; _c26 cm. |
||
| 500 | _aIncludes bibliographical references and index | ||
| 650 | _a1.New business enterprises. 2.Entrepreneurship.3.Business planning.4.Business enterprises--Finance. 5.Success in business. | ||
| 700 | _a 1.Michael P Peters, . 2.Dean A. Shepherd, | ||
| 942 |
_cBK _k 658.421 HIS _2ddc |
||
| 999 |
_c8854 _d8854 |
||